[Event "AUS-ch U18"]
[Site "Sandy Bay"]
[Date "2010.01.18"]
[Round "5"]
[White "Reid, Mitchell"]
[Black "Short, Owen"]
[Result "0-1"]
[WhiteElo "895"]
[BlackElo "1290"]
[PlyCount "66"]
[EventDate "2010.01.14"]
[EventType "swiss"]
[EventRounds "11"]
[EventCountry "AUS"]
[SourceTitle "EXT 2011"]
[Source "ChessBase"]
[SourceDate "2010.11.26"]
[SourceVersion "1"]
[SourceVersionDate "2010.11.26"]
[SourceQuality "1"]

1. e4 c5 2. Nc3 e6 3. d3 a6 4. g3 b5 5. Bg2 Bb7 6. f4 Nf6 7. Nf3 Nc6 8. Be3 d5 9. 0-0 d4 10. Bd2 dxc3 11. Bxc3 Be7 12. f5 exf5 13. exf5 0-0 14. Re1 Nd5 15. Bd2 Bf6 16. c4 Nb6 17. Ba5 Nxa5 18. Qd2 Nc6 19. Qc2 Nd4 20. Qf2 Nxf3+ 21. Bxf3 Bd4 22. Qxd4 Qxd4+ 23. Kg2 Bxf3+ 24. Kxf3 Qxd3+ 25. Re3 Qxf5+ 26. Kg2 Nxc4 27. Rf3 Qd5 28. Raf1 Ne3+ 29. Kg1 Nxf1 30. Kxf1 Qxf3+ 31. Kg1 Rad8 32. h4 Qe2 33. b4 Rd1# 0-1

[Event "AUS-ch U18"]
[Site "Sandy Bay"]
[Date "2010.01.14"]
[Round "1"]
[White "Smirnov, Anton"]
[Black "Reid, Mitchell"]
[Result "1-0"]
[WhiteElo "1713"]
[BlackElo "895"]
[PlyCount "75"]
[EventDate "2010.01.14"]
[EventType "swiss"]
[EventRounds "11"]
[EventCountry "AUS"]
[SourceTitle "EXT 2011"]
[Source "ChessBase"]
[SourceDate "2010.11.26"]
[SourceVersion "1"]
[SourceVersionDate "2010.11.26"]
[SourceQuality "1"]

1. e4 e5 2. Nc3 Nc6 3. Bc4 Nf6 4. d3 Bc5 5. f4 d6 6. Nf3 Bg4 7. h3 Bxf3 8. Qxf3 Nd4 9. Qg3 0-0 10. Bb3 c6 11. Bd2 Qb6 12. Na4 Nxc2+ 13. Bxc2 Bf2+ 14. Qxf2 Qxf2+ 15. Kxf2 exf4 16. Bxf4 Rfd8 17. Bg5 b5 18. Bxf6 gxf6 19. Nc3 b4 20. Ne2 d5 21. exd5 cxd5 22. Nd4 Rac8 23. Rhe1 f5 24. Bb3 f4 25. Nf5 a5 26. Bxd5 Rc2+ 27. Kg1 f3 28. gxf3 h6 29. Rac1 Rxc1 30. Rxc1 Rxd5 31. Ne7+ Kg7 32. Nxd5 a4 33. d4 b3 34. axb3 axb3 35. Ne3 f5 36. d5 f4 37. d6 fxe3 38. d7 1-0